BIBLIOTECA

SENCICO

Clipper : técnicas, aplicaciones y rutinas de programación (Registro nro. 2784)

Detalles MARC
000 -LEADER
fixed length control field 00494nam a2200181Ia 4500
005 - DATE AND TIME OF LATEST TRANSACTION
control field 20251020182553.0
008 - FIXED-LENGTH DATA ELEMENTS--GENERAL INFORMATION
fixed length control field 200515s9999 xx 000 0 und d
082 ## - DEWEY DECIMAL CLASSIFICATION NUMBER
Classification number R/65.016/M26
100 ## - MAIN ENTRY--PERSONAL NAME
Personal name MARIN QUIROS, Francisco QUIRÓS CASADO, Antonio TORRES LOZANO, Antonio
245 #0 - TITLE STATEMENT
Title Clipper : técnicas, aplicaciones y rutinas de programación
260 ## - PUBLICATION, DISTRIBUTION, ETC.
Place of publication, distribution, etc. Madrid
260 ## - PUBLICATION, DISTRIBUTION, ETC.
Date of publication, distribution, etc. 1989
300 ## - PHYSICAL DESCRIPTION
Extent 422
650 ## - SUBJECT ADDED ENTRY--TOPICAL TERM
Topical term or geographic name entry element CLIPPER
650 ## - SUBJECT ADDED ENTRY--TOPICAL TERM
Topical term or geographic name entry element LIB
650 ## - SUBJECT ADDED ENTRY--TOPICAL TERM
Topical term or geographic name entry element SOFTWAREDE APLICACION
942 ## - ADDED ENTRY ELEMENTS (KOHA)
Koha item type Libros
Existencias
Fecha de la última vez que lo usaron Pago total Signatura topográfica completa Código de barras Precio efectivo desde Tipo de documento Estado perdido Estado dañado No es para préstamo Retirado Ubicación permanente Ubicación actual Fecha de adquisición
15/05/2020   R/65.016/M26 Bib-Lima15052784 15/05/2020 Libros         Biblioteca Central Lima Biblioteca Central Lima 15/05/2020